000 00495nam a2200181Ia 4500
005 20250923144252.0
008 008 250917s9999 xx 000 0 eng d
037 _aTextual
040 _aDSWL
_beng
_cDSWL
041 _aeng
_2eng
084 _qDSWL
100 _aKeppel, F.P.
_9823047
245 0 _aEducation for adultsand other essay
_cby F.P. Keppel
260 _aNew York
_b Columbia Univ. Press
_c1926
300 _a94 p.
942 _cTEXL
999 _c1436815
_d1436815